000 00451nam a2200145Ia 4500
008 100122s9999 xx 000 0 und d
082 _b71196
_a960
100 _aजोगळेकर जयंत
245 _aआफ्रिकन सफारी
260 _bसाकेत प्रकाशन
_c2006
300 _a136
630 _aआफ्रिकन सफारी
730 _aआफ्रिकन सफारी
942 _cBOOK
999 _c441859
_d441856